Riqueza y piedad: El catolicismo de la élite económica chilena

Đã lưu trong:
Chi tiết về thư mục
Tác giả chính: Thumala Olave, María Angélica (Tác giả)
Định dạng: Sách
Ngôn ngữ:Tiếng Tây Ban Nha
Được phát hành: Santiago Debate 2007
Phiên bản:1a. ed
Những chủ đề:
Các nhãn: Thêm thẻ
Không có thẻ, Là người đầu tiên thẻ bản ghi này!

MARC

LEADER 00000nam a2200000 a 4500
001 UCG1340
003 CL-VaPUC
008 100429e20070700CL |||||||||||||||||spa|d
020 |a 9789568410131 
082 0 4 |a 267.182  |b THU  |2 21 
100 0 |a Thumala Olave, María Angélica  |e author  |9 549225 
245 1 0 |a Riqueza y piedad: El catolicismo de la élite económica chilena 
250 |a 1a. ed 
300 |a 334 p 
942 |c BK 
945 |d 20100429 00:00:00  |a dcastane 
260 |a Santiago  |b Debate  |c 2007 
650 0 |a Filosofía de la religión   |9 256017 
650 0 |a Catolicismo  |9 258690 
650 7 |a ETICA Y ECONOMIA  |2 CL-VaPUC  |9 549226 
650 7 |a ELITE ECONOMICA CHILENA  |2 CL-VaPUC  |9 549227 
583 |a last modification  |c 20100429 00:00:00  |k Rodrigo Vera 
999 |c 340744  |d 340742 
952 |0 0  |1 0  |4 0  |6 267_182000000000000_THU_2007  |7 0  |8 A  |9 435724  |a BIBGIM  |b BIBGIM  |d 2019-11-22  |i 4662830  |o 267.182 THU 2007  |p 4662830  |r 2025-01-15  |w 2019-11-22  |y BK  |k GIM